Bài giảng môn học tin học đại cương Dùng cho sinh viên ngành sinh học khối B = Foundational informatics for biology students
保存先:
| 第一著者: | |
|---|---|
| フォーマット: | 図書 |
| 言語: | Undetermined |
| 出版事項: |
Cần Thơ
Trường Đại học Cần Thơ
1996
|
| タグ: |
タグ追加
タグなし, このレコードへの初めてのタグを付けませんか!
|
| Thư viện lưu trữ: | Trung tâm Học liệu Trường Đại học Cần Thơ |
|---|
| LEADER | 00590nam a2200169Ia 4500 | ||
|---|---|---|---|
| 001 | CTU_35468 | ||
| 008 | 210402s9999 xx 000 0 und d | ||
| 082 | |a 004.07 | ||
| 082 | |b T502B | ||
| 100 | |a Lê Anh Tuấn | ||
| 245 | 0 | |a Bài giảng môn học tin học đại cương Dùng cho sinh viên ngành sinh học khối B | |
| 245 | 0 | |b = Foundational informatics for biology students | |
| 245 | 0 | |c Lê Anh Tuấn | |
| 260 | |a Cần Thơ | ||
| 260 | |b Trường Đại học Cần Thơ | ||
| 260 | |c 1996 | ||
| 980 | |a Trung tâm Học liệu Trường Đại học Cần Thơ | ||